<?xml version="1.0" encoding="UTF-8"?>
<record
    xmlns:xsi="http://www.w3.org/2001/XMLSchema-instance"
    xsi:schemaLocation="http://www.loc.gov/MARC21/slim http://www.loc.gov/standards/marcxml/schema/MARC21slim.xsd"
    xmlns="http://www.loc.gov/MARC21/slim">

  <leader>01384nam a22002777a 4500</leader>
  <controlfield tag="001">BRCA_9214</controlfield>
  <controlfield tag="003">FranzMayer</controlfield>
  <controlfield tag="005">20220809135606.0</controlfield>
  <controlfield tag="008">220722b        |||||||| |||| 00| 0 eng d</controlfield>
  <datafield tag="020" ind1=" " ind2=" ">
    <subfield code="a">9782940510382</subfield>
  </datafield>
  <datafield tag="040" ind1=" " ind2=" ">
    <subfield code="b">spa</subfield>
    <subfield code="c">MFM</subfield>
  </datafield>
  <datafield tag="041" ind1="1" ind2=" ">
    <subfield code="a">fre</subfield>
    <subfield code="a">eng</subfield>
  </datafield>
  <datafield tag="050" ind1=" " ind2=" ">
    <subfield code="a">N332.Sx3G5</subfield>
    <subfield code="b">I5 2018 v.1</subfield>
  </datafield>
  <datafield tag="245" ind1=" " ind2=" ">
    <subfield code="a">In my Head : </subfield>
    <subfield code="b">2008-2018</subfield>
  </datafield>
  <datafield tag="260" ind1=" " ind2=" ">
    <subfield code="a">Ginebra, Suiza : </subfield>
    <subfield code="b">HEAD-G&#xE8;neve, </subfield>
    <subfield code="c">2018</subfield>
  </datafield>
  <datafield tag="300" ind1=" " ind2=" ">
    <subfield code="a">452 p. :</subfield>
    <subfield code="b">il., fot. col. ; </subfield>
    <subfield code="c">20 x 27 cm.</subfield>
  </datafield>
  <datafield tag="500" ind1=" " ind2=" ">
    <subfield code="a">Ubicaci&#xF3;n: L59-N5</subfield>
  </datafield>
  <datafield tag="520" ind1=" " ind2=" ">
    <subfield code="a">Sean proyectos personales (In my Head) o proyectos colectivos realizados por la instituci&#xF3;n (Out of my Head), siempre se trata de promover una ense&#xF1;anza que, m&#xE1;s all&#xE1; de la transmisi&#xF3;n de herramientas pl&#xE1;sticas y conceptuales, se esfuerza por reconocer de manera emp&#xED;rica lo que hace la singularidad de una generaci&#xF3;n y de la cultura que ella produce. El papel de la escuela consiste entonces en favorecer esta cultura emergente, en apoyarla en su esfuerzo de afirmaci&#xF3;n, emancipaci&#xF3;n y precisi&#xF3;n.</subfield>
  </datafield>
  <datafield tag="610" ind1=" " ind2=" ">
    <subfield code="a">Haute &#xE9;cole d'art et de design (Geneva, Switzerland)</subfield>
    <subfield code="v">Cat&#xE1;logo</subfield>
    <subfield code="x">Estudiantes</subfield>
    <subfield code="x">Dise&#xF1;o</subfield>
    <subfield code="x">Arte</subfield>
    <subfield code="y">2008-2018</subfield>
    <subfield code="9">28483</subfield>
  </datafield>
  <datafield tag="650" ind1=" " ind2=" ">
    <subfield code="a">Arte</subfield>
    <subfield code="x">Dise&#xF1;o</subfield>
    <subfield code="y">2008-2018</subfield>
    <subfield code="9">28484</subfield>
  </datafield>
  <datafield tag="700" ind1=" " ind2=" ">
    <subfield code="a">Jean-Pierre Greff</subfield>
    <subfield code="e">Dir. ed.</subfield>
    <subfield code="9">28486</subfield>
  </datafield>
  <datafield tag="700" ind1=" " ind2=" ">
    <subfield code="a">Nic Ulmi</subfield>
    <subfield code="e">sel. y ed. textos</subfield>
    <subfield code="9">28487</subfield>
  </datafield>
  <datafield tag="700" ind1=" " ind2=" ">
    <subfield code="a">Alex Craker</subfield>
    <subfield code="e">trad.</subfield>
    <subfield code="9">28485</subfield>
  </datafield>
  <datafield tag="942" ind1=" " ind2=" ">
    <subfield code="2">lcc</subfield>
    <subfield code="c">B</subfield>
  </datafield>
  <datafield tag="999" ind1=" " ind2=" ">
    <subfield code="c">10833</subfield>
    <subfield code="d">10833</subfield>
  </datafield>
  <datafield tag="952" ind1=" " ind2=" ">
    <subfield code="0">0</subfield>
    <subfield code="1">0</subfield>
    <subfield code="2">lcc</subfield>
    <subfield code="4">0</subfield>
    <subfield code="7">0</subfield>
    <subfield code="a">BRCA</subfield>
    <subfield code="b">BRCA</subfield>
    <subfield code="d">2022-07-22</subfield>
    <subfield code="l">0</subfield>
    <subfield code="o">N332.Sx3G5 I5 2018 v.1</subfield>
    <subfield code="p">CONT9999</subfield>
    <subfield code="r">2022-07-22 00:00:00</subfield>
    <subfield code="w">2022-07-22</subfield>
    <subfield code="y">B</subfield>
  </datafield>
</record>
